=LDR 00000nam 2200000 4500 =001 INLIS000000000034964 =005 20130612140844 =008 ***********************************ind** =035 ##$$0010-061300000034964 =041 ##$$a ind =082 ##$$a 92 ( Cokro Aminoto, Hos ) =090 ##$$a 92 ( Cokro Aminoto, Hos ), Sal h =100 ##$$a Salim, Agus =245 ##$$a Haji Oemar Said Cokro Aminoto/Agus Salim =260 ##$$a 2007 $b Bandung; Nuansa =300 ##$$a 68 hlm., Ilus., 20 cm =650 ##$$a Haji Oemar Said Cokro Aminoto - Biografi =850 ##$$a NBPNMAT =990 ##$$a 0001/BPAP-NTB/2015 =990 ##$$a 0001/BPAP-NTB/2016